RSL's to be rated with 'traffic light' system (Record no. 72310)

MARC details
000 -LEADER
fixed length control field 01220cam a2200229 4500
001 - CONTROL NUMBER
control field WB3911-05
008 - FIXED-LENGTH DATA ELEMENTS--GENERAL INFORMATION
fixed length control field 030318n2003 000 0 eng u
035 ## - SYSTEM CONTROL NUMBER
System control number (Sirsi) u121649
245 ## - TITLE STATEMENT
Title RSL's to be rated with 'traffic light' system
260 ## - PUBLICATION, DISTRIBUTION, ETC.
Date of publication, distribution, etc. 2003
490 ## - SERIES STATEMENT
Series statement Housing Today
Volume/sequential designation (324) 14 March 2003, 7(1)
520 ## - SUMMARY, ETC.
Summary, etc. The Housing corporation is to grade housing associations using a ranking system consisting of a 'traffic light' system of red, amber and green. These will apply across four categories: governance, viability, management and development performance and replace the previous system of performance assessment and investment summary. This move by the corporation is seen as bold but it has drawn criticism from some quarters as there was no chance to comment on the proposals. It comes as the organisation was about to relinquish its role as inspector of housing associations to the Audit Commission.
590 ## - LOCAL NOTE (RLIN)
Local note WB
650 ## - SUBJECT ADDED ENTRY--TOPICAL TERM
Topical term or geographic name entry element HOUSING ASSOCIATIONS
650 ## - SUBJECT ADDED ENTRY--TOPICAL TERM
Topical term or geographic name entry element HOUSING CORPORATION
650 ## - SUBJECT ADDED ENTRY--TOPICAL TERM
Topical term or geographic name entry element AUDIT COMMISSION
650 ## - SUBJECT ADDED ENTRY--TOPICAL TERM
Topical term or geographic name entry element PERFORMANCE ASSESSMENT
650 ## - SUBJECT ADDED ENTRY--TOPICAL TERM
Topical term or geographic name entry element PERFORMANCE MONITORING
650 ## - SUBJECT ADDED ENTRY--TOPICAL TERM
Topical term or geographic name entry element REGISTERED SOCIAL LANDLORDS
690 ## - LOCAL SUBJECT ADDED ENTRY--TOPICAL TERM (OCLC, RLIN)
Topical term or geographic name as entry element Affordable housing
9 (RLIN) 6215
942 ## - ADDED ENTRY ELEMENTS (KOHA)
Suppress in OPAC 0
Holdings
Withdrawn status Lost status Source of classification or shelving scheme Damaged status Not for loan Home library Current library Shelving location Date acquired Total Checkouts Full call number Barcode Date last seen Copy number Price effective from Koha item type
    Dewey Decimal Classification     London London News article 18/03/2003   WB3911-05 121649-1001 06/08/2019 1 06/08/2019 News article